| 000 | 01314nam a2200313Ia 4500 | ||
|---|---|---|---|
| 001 | ebr10217782 | ||
| 003 | CaPaEBR | ||
| 006 | m u | ||
| 007 | cr cn||||||||| | ||
| 008 | 070224s2007 enka s 001 0 eng d | ||
| 020 | _z9781845114954 | ||
| 020 | _z1845114957 | ||
| 040 |
_aCaPaEBR _cCaPaEBR |
||
| 035 | _a(OCoLC)213818425 | ||
| 050 | 1 | 4 |
_aPN5123.H555 _bA3 2007eb |
| 100 | 1 |
_aHill, Roland, _d1920- |
|
| 245 | 1 | 2 |
_aA time out of joint _h[electronic resource] : _ba journey from Nazi Germany to post-war Britain / _cRoland Hill. |
| 246 | 3 | 0 | _aJourney from Nazi Germany to post-war Britain |
| 260 |
_aLondon ; _aNew York : _bRadcliffe Press ; _aNew York, NY : _bDistributed by Palgrave Macmillan, _c2007. |
||
| 300 |
_axvii, 325 p. : _bill. |
||
| 500 | _aIncludes index. | ||
| 533 |
_aElectronic reproduction. _bPalo Alto, Calif. : _cebrary, _d2009. _nAvailable via World Wide Web. _nAccess may be limited to ebrary affiliated libraries. |
||
| 600 | 1 | 0 |
_aHill, Roland, _d1920- |
| 650 | 0 |
_aJournalists _zGreat Britain _vBiography. |
|
| 650 | 0 |
_aWorld War, 1939-1945 _vPersonal narratives, German. |
|
| 655 | 7 |
_aElectronic books. _2local |
|
| 710 | 2 | _aebrary, Inc. | |
| 856 | 4 | 0 |
_uhttp://site.ebrary.com/lib/rucke/Doc?id=10217782 _zAn electronic book accessible through the World Wide Web; click to view |
| 999 |
_c231907 _d231907 |
||